000
00261 a2200097 4500
001
12996
100
_a
Sterne,L
245
_a
Tristram shandy: An Authoritative Text the Author on the Novel Criticism
260
_a
_b
W W Norton & Company
_c
090
_c
9999
_d
9999
942
_a
NUST-CAE
_c
M
_c
36931
999
_c
248069
_d
248069